| 000 | 01014pam a2200349 i 4500 | ||
|---|---|---|---|
| 999 |
_c1471 _d1471 |
||
| 001 | 017434470 | ||
| 003 | Uk | ||
| 005 | 20221230102350.0 | ||
| 008 | 150626s2015 enka j 001 0 eng d | ||
| 015 |
_aGBB588033 _2bnb |
||
| 016 | 7 |
_a017434470 _2Uk |
|
| 020 | _a9780241206553 (pbk.) : | ||
| 040 |
_aStDuBDS _beng _cStDuBDS _dUk _erda |
||
| 042 | _aukblcatcopy | ||
| 082 | 0 | 4 |
_a530 HAM _223 |
| 100 | 1 |
_aHammond, Richard, _d1969- _eauthor. |
|
| 245 | 1 | 0 |
_aAll about physics / _cRichard Hammond. |
| 250 | _aRevised edition. | ||
| 264 | 1 |
_aLondon : _bDorling Kindersley Limited, _c2015. |
|
| 300 |
_a96 pages : _billustrations (colour) ; _c28 cm |
||
| 336 |
_atext _2rdacontent |
||
| 336 |
_astill image _2rdacontent |
||
| 337 |
_aunmediated _2rdamedia |
||
| 338 |
_avolume _2rdacarrier |
||
| 500 | _aIncludes index. | ||
| 500 | _aPrevious edition: 2010. | ||
| 500 |
_aFormerly CIP. _5Uk |
||
| 521 | 2 | _aKey Stage 1. | |
| 521 | 2 | _aKey Stage 2. | |
| 650 | 0 |
_aPhysics _vJuvenile literature. |
|
| 942 |
_2ddc _cNFIC |
||